000
00298nam a2200121Ia 4500
008
160319s9999 xx 000 0 und d
050
_a
535.6
050
_b
C719
245
_a
Colors /
260
_a
Makati City :
260
_b
Sterling Paper Products Ent. Inc.
700
_a
Mga Kulay, added title.
999
_c
292001
_d
292001